LEADER 01184nam0-2200337---450- 001 990009849280403321 005 20140415105933.0 010 $a978-88-204-4065-7 035 $a000984928 035 $aFED01000984928 035 $a(Aleph)000984928FED01 035 $a000984928 100 $a20140414d2013----km-y0itay50------ba 101 1 $aita$ceng 102 $aIT 105 $a--------001yy 200 1 $aIntervista a playboy$eun dialogo diretto con il gran sacerdote della cultura pop e il metafisico dei media$fMarshall McLuhan$gedizione italiana e postfazione di Luca Barra$gtraduzione di Luca Barra 210 $aMilano$cFrancoAngeli$d2013 215 $a90 p.$d22 cm 225 1 $aComunicazione e societą$v2 454 0$12001$aPalyboy interwiev$aA candid conversation with the high priest of pop cult and metaphysician of media$942122 610 0 $aComunicazione$aTeorie Mcluhaniane 676 $a302.2092$v22$zita 700 1$aMcLuhan,$bMarshall$f<1911-1980>$035552 801 0$aIT$bUNINA$gRICA$2UNIMARC 901 $aBK 912 $a990009849280403321 952 $a302.2 MCL 4$b6382$fBFS 959 $aBFS 996 $aPalyboy interwiev$942122 997 $aUNINA LEADER 01388nam0-2200433li-450 001 990000260410203316 005 20170912161008.0 010 $a0-19-855567-9 035 $a0026041 035 $aUSA010026041 035 $a(ALEPH)000026041USA01 035 $a0026041 100 $a2001999011993-------y0itay0103----ba 101 0 $aeng 102 $aUS 200 1 $aModern NMR spectroscopy$ea guide for chemists$fJeremy K. M. Sanders and Brian K. Hunter 205 $a2nd ed 210 $aOxford [etc.]$cUniversity Press$dcopyr. 1993 215 $aXIV, 314 p.$cill.$d25 cm 610 1 $achimica analitica 610 1 $aspettroscopia a risonanza magnetica nucleare 676 $a5430877 700 1$aSanders,$bJeremy K. M.$091316 702 1$aHunter,$bBrian K. 912 $a990000260410203316 951 $a543.087 7 SAN$b24632/CBS$c543.087 7$d00222326 951 $a543.087 7 SAN (A)$b0028912/CBS$c543.087 7$d00113455 951 $a543.087 7 SAN$b33298/CBS$c543.087$d00215834 959 $aBK 969 $aSCI 979 $c19990117 979 $c20001110$lUSA01$h1715 979 $c20020403$lUSA01$h1634 979 $aPATRY$b90$c20040406$lUSA01$h1619 979 $aRIVELLI$b90$c20040706$lUSA01$h0932 979 $aSENATORE$b90$c20071002$lUSA01$h1626 979 $aRSIAV6$b90$c20090706$lUSA01$h1100 996 $aModern NMR spectroscopy$9365373 997 $aUNISA LEADER 01141nam--2200373---450- 001 990003654510203316 005 20120424094304.0 010 $a978-88-6129-651-0 035 $a000365451 035 $aUSA01000365451 035 $a(ALEPH)000365451USA01 035 $a000365451 100 $a20120424d2011----km-y0itay50------ba 101 0 $aita 102 $aIT 105 $aa|||z|||001yy 200 1 $aNigra subucula induti$eimmagine, classicitą e questione della razza nella propaganda dell'Italia fascista$fMarco Giuman, Ciro Parodo 210 $aPadova$cCLEUP$d2011 215 $a368 p.$cill.$d24 cm 225 2 $aIthaca 300 $aSegue: Appendice iconografica 410 0$12001$aIthaca 606 0 $aRazzismo$xAtteggiamento [del] Fascismo$yItalia$2BNCF 676 $a305.800945 700 1$aGIUMAN,$bMarco$0477410 701 1$aPARODO,$bCiro$0612174 801 0$aIT$bsalbc$gISBD 912 $a990003654510203316 951 $aX.3.B. 6492$b235231 L.M.$cX.3.$d00309952 959 $aBK 969 $aUMA 979 $aANNAMARIA$b90$c20120424$lUSA01$h0943 996 $aNigra subucula induti$91139939 997 $aUNISA LEADER 01096nam0-2200361---450 001 990009644400403321 005 20210524095605.0 010 $a9781402044144 035 $a000964440 035 $aFED01000964440 035 $a(Aleph)000964440FED01 035 $a000964440 100 $a20121109d2007----km-y0itay50------ba 101 0 $aeng 102 $aNL 105 $aa-------001yy 200 1 $aExtremes in nature$ean approach using Copulas$fby Gianfausto Salvadori ... [et al.] 210 $aDordrecht [etc.]$cSpringer$dc2007 215 $aXIV, 292 p.$cill.$d24 cm 225 1 $aWater science and technology library$v56 610 0 $aCalamitą$aPrevenzione 610 0 $aDistribuzione (Probabilitą) 610 0 $aGeologia, idrologia, meteorologia - Principi scientifici 676 $a363.340727 676 $a551.015$v23$zita 702 1$aSalvadori,$bGianfausto 801 0$aIT$bUNINA$gRICA$2UNIMARC 901 $aBK 912 $a990009644400403321 952 $a60 551.015 SALG 2007$b14032$fFAGBC 959 $aFAGBC 996 $aExtremes in nature$9840281 997 $aUNINA